000 00281nam a22001217a 4500
008 170713b xxu||||| |||| 00| 0 eng d
041 _aeng
080 _22ND
_a038
100 _a23
101 _aFJA
245 _aA DICTIONARY OF MODERN ENGLISH USAGE
_cFOWLER,H.W
942 _2udc
_cBK
999 _c20434
_d20434